Chuông gọi hồn ai Tiểu thuyết đạt gải Nobel văn học năm 1954
...
Đã lưu trong:
| Tác giả chính: | |
|---|---|
| Định dạng: | Sách |
| Năm xuất bản: |
H.
|
| Chủ đề: | |
| Tags: |
Thêm thẻ
Không có thẻ, Hãy là người đầu tiên gắn thẻ bản ghi này!
|
| LEADER | 00641nam a2200169 4500 | ||
|---|---|---|---|
| 082 | |a 813 |b H 200 M | ||
| 100 | |a Hemingway, Ernest | ||
| 245 | |a Chuông gọi hồn ai |b Tiểu thuyết đạt gải Nobel văn học năm 1954 |c Ernest Hemingway; Huỳnh Phan Anh dịch | ||
| 260 | |a H. | ||
| 300 | |a 729 tr. |c 19 cm | ||
| 520 | |a ... | ||
| 653 | |a Văn học hiện đại | ||
| 653 | |a Mỹ | ||
| 653 | |a Tiểu thuyết | ||
| 942 | |2 ddc |c SH | ||
| 999 | |c 4219 |d 4219 | ||
| 952 | |0 0 |1 0 |2 ddc |4 0 |6 813_H_200000000000000_M |7 0 |8 800 |9 42588 |a qbu |b qbu |c D5 |d 2014-12-19 |g 40000 |l 4 |m 4 |o 813 H 200 M |p 470.C1 |r 2018-09-12 |s 2018-08-22 |w 2014-12-19 |y SH |0 0 |6 813_H_200000000000000_M | ||